Name a valid capital as ranking of country - Statistics

General Stats
  • This quiz has been taken 1,549 times
  • The average score is 9 of 17
Answer Stats
Hint Valid Answers Answer % Correct
Largest (Europe) 41 Moscow|London|Paris|Madrid|Amsterdam|Helsinki|Rome|Copenhagen|Warsaw |Vienna|Athens|Brussels|Tirana|Zagreb|Berlin|Budapest|Reykjavik|Kiev|Dublin| Pristina|Riga|Prague|Stockholm|Vilnius|Sofia|Luxembourg|Tallinn|Skopje|Podgorica |Oslo|Ljubljana|Andorra la Vella|Bucharest|Monaco|Belgrade|Lisbon|Bratislava |Sarajevo|Chisinau|Minsk|Vatican city
100%
Largest (Asia) 37 Muscat|Taipei|Doha|Pyongyang|Riyadh|Kathmandu|Vientiane|Ashgabat|Amman |Tashkent|Jakarta |Baku|Sana'a|Kuala Lumpur|Seoul|Tehran|Kuwait City|Bangkok |Manama|Tbilisi|Jerusalem|Baghdad |Beirut|Kabul|Dushanbe|Bandar Seri Begawan |Dili|Phnom Penh|Male|Thimphu|Bishkek|Tokyo|Singapore|Dhaka|Nicosia|Yerevan |Ulaanbaatar
98%
Largest (Africa) 44 Addis Ababa|Cotonou|Conakry|Antananarivo|Ouagadougou|N'Djamena|Juba |Mogadishu|Bangui |Accra|Algiers|Maputo|Harare|Kigali|Cairo|Freetown|Niamey|Port Louis|Luanda|Libreville|Bissau|Bamako|Nouakchott|Tripoli|Windhoek|Djibouti |Asmara|Nairobi|Praia|Sao Tome|Tunis|Lome|Lusaka| Dakar|Brazzaville|Kinshasa |Gaborone|Lilongwe|Moroni|Monrovia|Kampala|Maseru|Victoria
97%
Largest (South America) 9 Asunción|Caracas|Buenos Aires|Montevideo|Paramaribo|Santiago|Lima|Bogota|Georgetown
93%
Largest (North America) 19 Castries|Managua|Nassau|Tegucigalpa|San Salvador|Havana|Saint John's|San Jose|Port-au-Prince|Saint George's|Guatemala City|Kingston|Mexico City|Roseau|Santo Domingo|Bridgetown |Panama City|Kingstown|Basseterre
93%
2nd largest (Asia) 8 Nur-Sultan|Manila|New Delhi|Abu Dhabi|Hanoi|Beijing|Ankara|Damascus
89%
Largest (Oceania) 9 Apia|South Tarawa|Port Moresby|Honiara|Port Vila|Nuku'alofa|Majuro|Funafuti|Suva
73%
2nd largest (Africa) 7 Porto-Novo|Mbabane|Khartoum|Malabo|Gitega|Cape Town|Yaounde
69%
3rd largest 8 San Marino|Naypyidaw|Wellington|Yaren|La Paz|Brasilia|Port of Spain|Belmopan
47%
4th largest 5 Sri Jayewardenepura Kotte|Dodoma|Banjul|Pretoria|Ottawa
38%
8th largest 2 Abuja|Canberra
35%
10th or lower largest 2 Ngerulmud|Washington
35%
2nd largest (Europe, Americas and Oceania 3 Vaduz|Palikir|Quito
30%
5th largest 2 Bern|Yamoussoukro
19%
9th largest 2 Islamabad|Bloemfontein
14%
7th largest 2 Valletta|Rabat
8%
6th largest 1 Sucre
6%
No matching quizzes found
Score Distribution
Percent of People with Each Score
Percentile by Number Answered
Your Score History
You have not taken this quiz